Дарбата на язовеца Броуди (Запис номер 531085)
[ съкратено ]
| 000 -Лидер | |
|---|---|
| Лидер | 00990nam a2200253 a 4500 |
| 003 - Код на организацията, давaща контролен номер | |
| Код на организацията, даваща контролен номер | BLK |
| 005 - Дата и час на последна редакция | |
| Дата и час на последна редакция | 20250802111505.0 |
| 008 - Елементи от данни с фиксирана дължина | |
| Елементи с фиксирана дължина | 210309b bu ||||| |||| 00| 0 bu d |
| 020 ## - Международен стандартен номер на книга ISBN | |
| ISBN | 9786192741198 |
| 040 ## - Източник на каталожния запис | |
| Код на библиотеката | BLK |
| 041 ## - Код за език | |
| Език | Български |
| Език за КДБФ | Български |
| 080 ## - УДК | |
| УДК текст | Словенска литература |
| УДК код | 821.163.6 |
| УДК – код + определител | 821.163.6-93-91 |
| 9 (RLIN) | 238627 |
| 084 ## - Класификационен индекс по друга класификация | |
| Авторски знак | Крал - К 89 |
| 100 ## - Редна дума - Автор | |
| R(LIN) | 442802 |
| Автор | Кралич, Хелена |
| 245 ## - Сведения за заглавието | |
| Заглавие | Дарбата на язовеца Броуди |
| Авторска отговорност | Хелена Кралич; прев. и стих. Мария Донева; ил. Джейн Чапман |
| 260 ## - Област на издателските данни | |
| 9 (RLIN) | 209582 |
| Място на издаване | София |
| Име на издателя | СофтПрес |
| Година на издаване | 2025 |
| 300 ## - Физическа характеристика | |
| Брой страници | 28 с. |
| Илюстрации | с цв. ил. |
| Размер | 28 см |
| 380 ## - Жанр | |
| Жанр | Детска худож. лит. |
| 700 ## - Други автори (авторска отговорност) | |
| 9 (RLIN) | 365115 |
| Друг автор | Донева, Мария |
| Пълното име на др. автор | Петрова, Мария Донева |
| 700 1# - Други автори (авторска отговорност) | |
| 9 (RLIN) | 141036 |
| Друг автор | Чапман, Джейн |
| 942 ## - АРТИКУЛИ | |
| Вид на библиотечния документ | Книги |
| Скрит в OPAC | Не |
| Периодичен библиозапис | Да |
| Koha issues (borrowed), all copies | 23 |
| 944 ## - СЪЗДАВАНЕ И РЕДАКЦИЯ на ЗАПИСА | |
| Дата на регистрацията/редакция | Нора Радева |
| Служител, извършил регистрацията/редакцията | 30543 |
| Създаване/Редакция | |
| Номер на служител | Ива Цветкова |
| 999 ## - СИСТЕМНИ КОНТРОЛНИ НОМЕРА | |
| Koha biblionumber | 531085 |
| Koha biblioitemnumber | 531085 |
| Код за отписване | Код за изгубен артикул | Източник на класификационната схема | Код за повреда | Код за отдаване | Артикулен № | Име на библиотеката - собственик | Име на библиотеката, в която се намира в момента | Статус (Текущо местоположение) | Дата на вписване в системата | Местоположение - отдел | Цена в лева | Инвентарен номер | Систематично азбучна сигнатура | Баркод | Цена в евро | Служебен тип на артикула |
|---|---|---|---|---|---|---|---|---|---|---|---|---|---|---|---|---|
| Не е изгубен | Universal Decimal Classification | Не е повреден | заемане за дома | 965969 | Регионална библиотека "Любен Каравелов" Русе | Регионална библиотека "Любен Каравелов" Русе | Детски отдел | 2025-04-07 | Детски отдел | 8.39 | 120000919169 | 821-93/К 89 Х | 120000919169 | 4.29 | Книги | |
| Не е изгубен | Universal Decimal Classification | Не е повреден | заемане за дома | 965970 | Регионална библиотека "Любен Каравелов" Русе | Регионална библиотека "Любен Каравелов" Русе | Детски отдел | 2025-04-07 | Детски отдел | 8.39 | 120000919168 | 821-93/К 89 Х | 120000919168 | 4.29 | Книги |